| 000 | 00615ctm a22002055a 4500 | ||
|---|---|---|---|
| 001 | L157539 | ||
| 008 | 130114m17751785xxk f 000 0 eng d | ||
| 035 | _a(Sirsi) u157539 | ||
| 041 | 0 | _aeng | |
| 100 | 1 | _aEverard, William | |
| 245 | 0 | 1 | _a[A collection of seven housekeepers' books detailing income and expenditure for the household of a Mrs Sumner] |
| 260 | _c1775-1785 | ||
| 300 |
_a7 v. _b manuscript _c33 cm. |
||
| 583 |
_aCondition reviewed _c20130114 _lcondition level 2 |
||
| 651 | 4 |
_aEngland _y886- |
|
| 690 | _aBusiness and management | ||
| 700 | 1 | _aBrown, Mary | |
| 700 | 1 | _aWise, E. | |
| 942 | _n0 | ||
| 999 |
_c114827 _d114827 |
||